[Event "BAN-ch U20"]
[Site "Dhaka"]
[Date "2022.02.21"]
[Round "7"]
[White "Sajib, Das"]
[Black "Justin, Matthias Baroi"]
[Result "0-1"]
[WhiteElo "1816"]
[BlackElo "1575"]
[PlyCount "186"]
[EventDate "2022.02.15"]
[EventType "swiss"]
[EventRounds "9"]
[EventCountry "BAN"]
[SourceTitle "CBM 207 Extra"]
[Source "ChessBase"]
[SourceDate "2022.05.31"]
[SourceVersion "1"]
[SourceVersionDate "2022.05.31"]
[SourceQuality "1"]

1. e4 e6 2. d3 d5 3. Nd2 c5 4. Ngf3 Nc6 5. g3 Nf6 6. Bg2 dxe4 7. dxe4 e5 8. 0-0 b5 9. Re1 Bg4 10. h3 Bh5 11. c3 Bd6 12. Qc2 Qb6 13. a4 0-0 14. Nf1 h6 15. g4 Bg6 16. Ng3 a6 17. Nh4 Rae8 18. g5 hxg5 19. Bxg5 Re6 20. axb5 axb5 21. Red1 Ne7 22. Ngf5 Bb8 23. Rd3 Bxf5 24. exf5 Rd6 25. Rg3 Rfd8 26. Qe2 Ned5 27. Bxd5 Rxd5 28. Bh6 Ne8 29. f6 e4 30. Rg2 Qxf6 31. Bxg7 Nxg7 32. Qg4 Bf4 33. Kh1 Rg5 34. Qe2 Rxg2 35. Nxg2 Bb8 36. Qxe4 Qe5 37. Qxe5 Bxe5 38. f4 Bf6 39. Ra6 Ne8 40. Rb6 b4 41. Rc6 bxc3 42. bxc3 Be7 43. Kg1 Rd1+ 44. Kf2 Rd2+ 45. Kf3 Rd3+ 46. Ne3 Rxc3 47. Rc8 Kf8 48. Ke4 Rc1 49. Nd5 Re1+ 50. Kf5 c4 51. Nc7 Bd6 52. Nxe8 Rxe8 53. Rxc4 Kg7 54. Kg5 Re3 55. Kg4 Re1 56. Rd4 Rg1+ 57. Kf3 Bb8 58. Rb4 Bd6 59. Rd4 Bc5 60. Rc4 Be7 61. Re4 Bf6 62. Kf2 Rg6 63. Ra4 Bh4+ 64. Kf1 Rg3 65. f5 Bf6 66. Kf2 Rxh3 67. Rg4+ Kf8 68. Ra4 Rh5 69. Ra5 Bd4+ 70. Kf3 f6 71. Kg4 Rg5+ 72. Kf4 Kg7 73. Rd5 Bb2 74. Rb5 Bc1+ 75. Ke4 Kh6 76. Rb1 Ba3 77. Ra1 Bb2 78. Rb1 Be5 79. Rh1+ Kg7 80. Rb1 Rg4+ 81. Kd5 Rf4 82. Ke6 Rh4 83. Rb7+ Kh6 84. Rb1 Rg4 85. Rb7 Rg8 86. Rb1 Rg4 87. Rb7 Rd4 88. Rb1 Rd6+ 89. Kf7 Kg5 90. Rf1 Bf4 91. Ke7 Rb6 92. Kd7 Kxf5 93. Rg1 Rb3 0-1